000 006590000a22001930004500
999 _c53887
_d53887
001 768714001
003 CO-MdFUSB
005 20170808171106.0
008 170808s1998 xxu||||| |||| 00| 0 eng d
022 _a0098-9444
040 _aCO-MdFUSB
_bspa
_cCO-MdFUSB
_dCO-MdFUSB
041 _aeng
100 1 _aMalamat, Abraham
_eautor
245 1 0 _aLet my people go and go and go... Egyptian records support a centuries -long exodus
300 _aVolumen 24. Número 1 (1998), Páginas 62-66
_c28 cm.
546 _aTexto en inglés
773 0 _tBiblical Archaeology Review
_049395
_959486
_gVolumen 24. Número 1 (1998), Páginas 62-66
_qPágina 62
942 _cANA